Pokémon - Attacken von Guardevoir in KA/PU - Statistiken

Allgemein
  • Dieses Quiz wurde 6 mal gespielt
    5 seit der letzten Aktualisierung
  • Das Durchschnittsergebnis liegt bei 31 aus 82
Antwortstatistiken
Antwort % Korrekt
Donnerblitz
100%
Konfusion
100%
Mondgewalt
100%
Psychokinese
100%
Zauberschein
100%
Aussetzer
75%
Erholung
75%
Gedankengut
75%
Heuler
75%
Lichtschild
75%
Psystrahl
75%
Raub
75%
Reflektor
75%
Regentanz
75%
Säuselstimme
75%
Schlafrede
75%
Sonnentag
75%
Spukball
75%
Charme
50%
Diebeskuss
50%
Donnerschlag
50%
Donnerwelle
50%
Doppelteam
50%
Eishieb
50%
Eissturm
50%
Fassade
50%
Feuerschlag
50%
Fokusstoß
50%
Gigastoß
50%
Hyperstrahl
50%
Konfusstrahl
50%
Ladestrahl
50%
Magieflamme
50%
Memento-Mori
50%
Nachtnebel
50%
Schutzschild
50%
Seher
50%
Teleport
50%
Abgangsbund
25%
Abschlag
25%
Ausdauer
25%
Bodyslam
25%
Delegator
25%
Dreifach-Axel
25%
Energieball
25%
Fähigkeitstausch
25%
Flächenmacht
25%
Heilopfer
25%
Heilwoge
25%
Hypnose
25%
Irrlicht
25%
Lebenstropfen
25%
Nebelfeld
25%
Psychofeld
25%
Psycho-Plus
25%
Psychoschock
25%
Schallwelle
25%
Schattenstoß
25%
Sternschauer
25%
Strauchler
25%
Traumfresser
25%
Zauberblatt
25%
Zen-Kopfstoß
25%
Aurasphäre
0%
Begrenzer
0%
Bizarroraum
0%
Erdanziehung
0%
Horrorblick
0%
Kraftvorrat
0%
Leidteiler
0%
Lockstimme
0%
Metronom
0%
Nebelexplosion
0%
Psycholärm
0%
Rechte Hand
0%
Schleuder
0%
Tera-Ausbruch
0%
Trickbetrug
0%
Vakuumwelle
0%
Verhöhner
0%
Wunschtraum
0%
Zugabe
0%
Keine übereinstimmenden Quizze gefunden
Verteilung der Resultate
Anzahl Personen mit jedem Resultat
Perzentil nach korrekt beantworteten Fragen
Ihre Resultats-Entwicklung
Sie haben dieses Quiz seit der letzten Aktualisierung nicht gespielt